| 000 | 00599nam a2200229Ia 4500 | ||
|---|---|---|---|
| 003 | GCL | ||
| 008 | 140319s9999 xx 000 0 eng d | ||
| 040 |
_aGCL / _cGCL |
||
| 082 | 0 | 4 |
_a372.6 _bDS |
| 100 | 1 | _aRIRICH NANCY A | |
| 245 | 1 | 0 |
_aSCHOOL DISCOURSE PRABLEMS / _cRIRICH NANCY A |
| 700 | 1 | _aORAL COMMUNICATION | |
| 700 | 1 | _aDANIELLENE NEWBERRY | |
| 700 | 1 | _aCREAGHEAD | |
| 260 |
_a[S.N] : _bSINGUTAR PUBLISHING GROUP INC ، _c1994 |
||
| 300 | _a395P | ||
| 650 | 0 | 4 | _aCHILDREN |
| 650 | 0 | 4 | _aLANGUAGES |
| 650 | 0 | 4 | _aORAL COMMUNICATION |
| 650 | 0 | 4 | _aDISOCURSE ANALYSIS |
| 942 |
_2ddc _cBK |
||
| 999 |
_c11661 _d11661 |
||